000 00643nam a2200265Ia 4500
005 20260306163500.0
008 008 260114s9999 xx 000 0 eng d
020 _a9781496848833
037 _aEBOOK
040 _aCRL
040 _beng
040 _cCRL
041 _2eng
041 _aeng
084 _qCRL
100 _aBergsman
_91128724
245 0 _aAll I Want Is Loving You: Popular Female Singers Of The 1950s
260 _bUniversity Press of Mississippi
260 _c2024
650 _aMusic
856 _uhttps://academic.oup.com/book/56653
942 _cEBOOK
999 _c1710278
_d1710278